Sports Quiz

Random Sports or Decade Quiz

Find the Basketball Hall of Fame Inductees (2000s) Quiz Stats

 Plays Quiz Updated May 15, 2019

Score 0/16 Timer 03:00
8 Plays Today
% Correct
Michael Jordan (2009)
97.3%
Earvin 'Magic' Johnson (2002)
97.1%
Charles Barkley (2006)
96.3%
John Stockton (2009)
94.7%
Isiah Thomas (2000)
94.2%
Dražen Petrović (2002)
94.2%
Patrick Ewing (2008)
94.2%
David Robinson (2009)
92.8%
% Correct
Hakeem Olajuwon (2008)
91.4%
Dominique Wilkins (2006)
90.6%
Robert Parish (2003)
88.7%
James Worthy (2003)
87.9%
Clyde Drexler (2004)
87.4%
Moses Malone (2001)
80.1%
Maurice Stokes (2004)
79.5%
Bob McAdoo (2000)
73.7%

You're not logged in!

Compare scores with friends on all Sporcle quizzes.
OR
Log In

Show Comments

Extras

Top Quizzes Today


Score Distribution

Your Account Isn't Verified!

In order to create a playlist on Sporcle, you need to verify the email address you used during registration. Go to your Sporcle Settings to finish the process.

Report this User

Report this user for behavior that violates our Community Guidelines.

Details: